00673nam a2200241Ia 450000500170000000800460001702000180006303700100008104000080009104000080009904000080010704100080011504100080012308400080013110000260013924500580016526000100022326000090023385600670024294200100030999900210031995200910034020260121114335.0008 260114s9999 xx 000 0 eng d a9780891189206 aEBOOK aCRL beng cCRL 2eng aeng qCRL aDaniel Hillel9973796 0aScaling in Soil Physics - Principles and Applications bWiley c2020 uhttps://onlinelibrary.wiley.com/doi/book/10.2136/sssaspecpub25 cEBOOK c1553050d1553050 00104070aCRLbCRLd2026-01-21l0pCL1783771r2026-01-21 11:43:35w2026-01-21yEBOOK